[Event "PRO League Stage"]
[Site "Chess.com INT"]
[Date "2018.02.14"]
[Round "6"]
[White "Haldorsen, Benjamin"]
[Black "Kukk, Sander"]
[Result "0-1"]
[WhiteElo "2405"]
[BlackElo "2178"]
[PlyCount "106"]
[EventDate "2018.01.18"]
[EventType "team-swiss (rapid)"]
[EventRounds "9"]
[EventCountry "USA"]
[SourceTitle "CBM 182 Extra"]
[Source "ChessBase"]
[SourceDate "2018.02.23"]
[SourceVersion "1"]
[SourceVersionDate "2018.02.23"]
[SourceQuality "1"]
[WhiteTeam "Oslo Trolls"]
[BlackTeam "Estonia Horses"]
[WhiteTeamCountry "NOR"]
[BlackTeamCountry "EST"]

1. b3 d5 2. Bb2 Bg4 3. h3 Bh5 4. g4 Bg6 5. Bg2 e6 6. Nf3 c5 7. d3 Nc6 8. Nbd2 Nf6 9. e3 Be7 10. 0-0 0-0 11. Nh4 Nd7 12. Nxg6 hxg6 13. e4 d4 14. f4 e5 15. f5 Bg5 16. Nf3 Be3+ 17. Kh1 g5 18. Bc1 Bf4 19. h4 f6 20. Bxf4 exf4 21. e5 Ndxe5 22. hxg5 Nxg4 23. Nxd4 Ne3 24. Qh5 Qxd4 25. g6 Rfd8 26. Rae1 Ne7 27. Rf3 N7xf5 28. Rh3 Nh6 29. Bxb7 Rab8 30. Be4 Re8 31. Qf3 f5 32. Bc6 Re6 33. Bd5 Qxd5 34. Qxd5 Nxd5 35. Rxe6 Kf8 36. Re5 Rd8 37. Rf3 Rd6 38. a3 Ne7 39. Rxc5 Nxg6 40. b4 Re6 41. Kg1 Kf7 42. a4 Kf6 43. b5 Ng4 44. d4 Kg5 45. Rc6 Re1+ 46. Rf1 Re2 47. Rc7 Ne3 48. Rf2 Re1+ 49. Kh2 Ng4+ 50. Kg2 Nh4+ 51. Kh3 Nxf2+ 52. Kh2 Ng4+ 53. Kh3 Rh1# 0-1

[Event "PRO League Stage"]
[Site "Chess.com INT"]
[Date "2018.02.14"]
[Round "6"]
[White "Kukk, Sander"]
[Black "Haug, Johannes"]
[Result "0-1"]
[WhiteElo "2178"]
[BlackElo "2357"]
[PlyCount "56"]
[EventDate "2018.01.18"]
[EventType "team-swiss (rapid)"]
[EventRounds "9"]
[EventCountry "USA"]
[SourceTitle "CBM 182 Extra"]
[Source "ChessBase"]
[SourceDate "2018.02.23"]
[SourceVersion "1"]
[SourceVersionDate "2018.02.23"]
[SourceQuality "1"]
[WhiteTeam "Estonia Horses"]
[BlackTeam "Oslo Trolls"]
[WhiteTeamCountry "EST"]
[BlackTeamCountry "NOR"]

1. b3 Nf6 2. Bb2 b6 3. e3 Bb7 4. Nf3 e6 5. d4 d5 6. Nbd2 Nbd7 7. Bd3 Bd6 8. 0-0 0-0 9. Qe2 Ne4 10. Rfd1 Ndf6 11. Ne5 Qe7 12. a4 Bb4 13. Nxe4 Nxe4 14. Bxe4 dxe4 15. c3 Bd6 16. Nc4 Ba6 17. Qh5 Bxc4 18. bxc4 f5 19. a5 Rf6 20. h3 Rh6 21. Qe2 Rf8 22. axb6 axb6 23. f4 exf3 24. Qxf3 Rg6 25. e4 Rg3 26. Qe2 f4 27. Rd2 f3 28. Qe1 Qg5 0-1

[Event "PRO League Stage"]
[Site "Chess.com INT"]
[Date "2018.02.03"]
[Round "4"]
[White "Kukk, Sander"]
[Black "Alekseenko, Kirill"]
[Result "0-1"]
[WhiteElo "2178"]
[BlackElo "2594"]
[PlyCount "110"]
[EventDate "2018.01.18"]
[EventType "team-swiss (rapid)"]
[EventRounds "9"]
[EventCountry "USA"]
[SourceTitle "CBM 182 Extra"]
[Source "ChessBase"]
[SourceDate "2018.02.23"]
[SourceVersion "1"]
[SourceVersionDate "2018.02.23"]
[SourceQuality "1"]
[WhiteTeam "Estonia Horses"]
[BlackTeam "Stockholm Snowballs"]
[WhiteTeamCountry "EST"]
[BlackTeamCountry "SWE"]

1. b3 d5 2. e3 Bf5 3. Bb2 e6 4. Nf3 Nf6 5. d4 Be7 6. Bd3 Bg6 7. 0-0 0-0 8. Nbd2 c5 9. Bxg6 hxg6 10. c4 Nc6 11. Qe2 cxd4 12. Nxd4 Rc8 13. Nxc6 bxc6 14. e4 d4 15. e5 Ne8 16. Ne4 c5 17. f4 f5 18. exf6 gxf6 19. Nf2 Kf7 20. Rae1 Ng7 21. Nd3 Rh8 22. Qe4 Qd7 23. Rf3 Nf5 24. Rf2 Rh4 25. Rfe2 Ng7 26. g3 Rh5 27. Qf3 Rch8 28. Ba3 a5 29. Qe4 Bd6 30. Qf3 Qc7 31. Bc1 a4 32. bxa4 Rb8 33. Bd2 Rhh8 34. a5 Qd7 35. Qg4 Ra8 36. Rb1 Rhb8 37. Rbe1 Ra7 38. Kg2 Rab7 39. Kg1 Rb1 40. Kg2 Rxe1 41. Rxe1 Qa4 42. Rc1 Qxa2 43. Qe2 Nf5 44. Kf2 Rh8 45. h4 g5 46. Be1 Qa4 47. h5 gxf4 48. g4 Ne3 49. Qf3 Rb8 50. Qe4 f5 51. gxf5 exf5 52. Ne5+ Bxe5 53. Qxe5 Qa2+ 54. Kf3 Qg2+ 55. Kxf4 Qg4# 0-1